[Event "Interzonal-13a"]
[Site "Tunis"]
[Date "1985.04.27"]
[Round "1"]
[White "Gavrikov, Viktor"]
[Black "Jussupow, Artur"]
[Result "0-1"]
[WhiteElo "2550"]
[BlackElo "2590"]
[Annotator "Konikowski,J"]
[PlyCount "64"]
[EventDate "1985.04.27"]
[EventType "tourn"]
[EventRounds "17"]
[EventCountry "TUN"]
[EventCategory "11"]
[SourceTitle "IZT"]
[Source "ChessBase"]
[SourceDate "1999.07.01"]
[SourceVersion "1"]
[SourceVersionDate "1999.07.01"]
[SourceQuality "1"]

1. d4 Nf6 2. Nf3 d5 3. c4 e6 4. Nc3 Be7 5. Bg5 O-O 6. e3 h6 7. Bh4 b6 8. Bd3
Bb7 9. O-O Nbd7 10. Qe2 c5 11. Bg3 Ne4 12. Rfd1 cxd4 (12... Nxg3 13. hxg3 dxc4
14. Bxc4 Bxf3 15. gxf3 $14) 13. exd4 (13. Nxd4 Nxc3 $15) (13. Bxe4 dxc3 $1 14.
cxd5 cxb2 15. Rab1 Bf6 $17) 13... Nxg3 14. hxg3 Nf6 15. Ne5 Rc8 16. Rac1 dxc4
17. Bxc4 Nd5 18. Bb3 Nxc3 19. bxc3 Rc7 20. Qd3 Bf6 21. Ng4 (21. Bc2 g6 $15)
21... h5 $1 22. Ne3 $2 (22. Nxf6+ Qxf6 23. c4 $10) 22... Rd7 23. g4 $2 (23. Qe2
$142) 23... hxg4 24. Nxg4 g6 25. Re1 Kg7 26. Rcd1 Rh8 27. Qg3 Rh5 28. Qf4 (28.
Nxf6 $8 Qxf6 29. Re5 Rxe5 30. dxe5 Rxd1+ 31. Bxd1 Qf5 32. Qe3 Bd5 33. a3 Qb1
$17) 28... Be7 $1 $19 29. Qc1 (29. Qe3 Bd6 30. Ne5 Qh4 31. f3 Rxe5 $1 32. dxe5
Bc5 $19) 29... Bd6 30. Ne5 Qh4 31. f3 Qg3 32. Re3 Rd8 (32... Rd8 33. Ng4 Rdh8
34. Nf2 Rh1+ $1 35. Nxh1 Rxh1+ 36. Kxh1 Qh2#) 0-1

[Event "Belgrade GMA op"]
[Site "Belgrade"]
[Date "1988.??.??"]
[Round "?"]
[White "Lobron, Eric"]
[Black "Abramovic, Bosko"]
[Result "0-1"]
[WhiteElo "2530"]
[BlackElo "2445"]
[Annotator "Konikowski,J"]
[PlyCount "82"]
[EventDate "1988.12.??"]
[EventType "swiss"]
[EventRounds "9"]
[EventCountry "YUG"]
[SourceTitle "TD"]
[Source "ChessBase"]
[SourceDate "1994.03.01"]
[SourceVersion "1"]
[SourceVersionDate "1994.03.01"]
[SourceQuality "1"]

1. Nf3 Nf6 2. c4 e6 3. Nc3 d5 4. d4 Be7 5. Bg5 h6 6. Bh4 O-O 7. e3 b6 8. Rc1
Bb7 9. Bxf6 Bxf6 10. cxd5 exd5 11. Bd3 c6 (11... c5) 12. Bb1 (12. b4) 12... Re8
13. O-O (13. Qc2 g6 14. h4 h5 (14... Bc8 $1 15. h5 Bf5 {/\ Bb1, g5=}) 15. g4
hxg4 16. h5 gxf3 17. hxg6 $40 Re7 18. g7 Kxg7 (18... Bxg7 19. Rh8+ $18) 19. Kd2
Kf8 20. Rcg1 Qd6 21. Rh8+ {/\ R g8, Qh7-h8#}) 13... Nd7 14. Ne2 (14. b4 a5 15.
b5 (15. a3 axb4 {<->a}) 15... c5 16. dxc5 Nxc5 $10) 14... Nf8 15. Nf4 g6 16.
Nd3 Qd6 17. Nfe5 Bg7 18. Qg4 c5 $1 19. f4 (19. dxc5 bxc5 20. Nxc5 Bc8 $19)
19... cxd4 20. exd4 f6 21. Nf3 (21. Nxg6 f5 $19) 21... Re4 (21... Bc8 $1 {
/\ Bf5-e4-/+}) 22. Qg3 Ba6 23. Rfd1 Rd8 24. Nf2 $2 (24. f5 $13 {>=}) 24... Rxf4
25. Nh3 (25. Bxg6 Rxf3 26. Bf7+ Kxf7 27. Rc7+ Qxc7 28. Qxc7+ Rd7 $19) 25... Re4
26. Qxd6 Rxd6 27. Bxe4 dxe4 28. Ne1 f5 $19 29. Nc2 Ne6 30. d5 Nc5 31. Nb4 Be2
32. Rd2 Bb5 33. Rdc2 Kf7 34. Kh1 a5 35. Rxc5 bxc5 36. Rxc5 axb4 37. Rxb5 Bxb2
38. Nf4 Kf6 39. g3 Bc3 40. Rc5 g5 41. Ng2 Bd2 0-1

[Event "EU-Cup 22nd"]
[Site "Fuegen"]
[Date "2006.10.09"]
[Round "2.2"]
[White "Ernst, Sipke"]
[Black "Lputian, Smbat G"]
[Result "1-0"]
[WhiteElo "2512"]
[BlackElo "2634"]
[Annotator "Krasenkow,M"]
[PlyCount "95"]
[EventDate "2006.10.08"]
[EventType "team-swiss"]
[EventRounds "7"]
[EventCountry "AUT"]
[SourceTitle "CBM 115"]
[Source "ChessBase"]
[SourceDate "2006.11.15"]
[SourceVersion "1"]
[SourceVersionDate "2006.11.15"]
[SourceQuality "1"]
[WhiteTeam "Solingen SG"]
[BlackTeam "Yerevan"]
[WhiteTeamCountry "GER"]
[BlackTeamCountry "ARM"]

1. d4 e6 2. c4 d5 3. Nc3 Be7 4. Nf3 Nf6 5. Bg5 h6 6. Bh4 O-O 7. e3 b6 8. Be2
Bb7 9. Bxf6 Bxf6 10. cxd5 exd5 11. b4 c6 12. O-O a5 13. b5 c5 14. Ne5 Qc7 15.
Ng4 {About this important line of Tartakower - see CBM 88, 90 - annotations to
Onischuk-Rychagov and Zviagintsev-Kasimdzhanov.} Nd7 16. Bf3 cxd4 $6 $146 {
An unfortunate novelty. Black remains with an isolated pawn and a passive b7
bishop.} (16... Rad8 17. Nxd5 Bxd5 18. Bxd5 cxd4 19. e4 (19. exd4 $5 Qd6 20.
Ne3) 19... Bg5 20. h4 $5 Bxh4 21. Rc1 Nc5 22. g3 Bg5 23. f4 Be7 24. Qxd4 Qd7
$13 {0-1 Rahman,Z-Johannessen,L/Dhaka 2002/CBM 087 ext (40)}) 17. Nxf6+ Nxf6
18. Qxd4 {[%csl Rb7,Rd5][%cal Rc3a4]} Qc5 19. Na4 $1 {[%mdl 32] Still!} Qxb5
20. Rab1 Qe8 21. Nxb6 Rd8 22. Rfc1 {[%csl Gb1,Gb6,Gc1,Gd4,Gf3] All White's
pieces are placed ideally.} Ne4 (22... Qe7 23. Rc5) 23. Rc7 Bc8 24. Bd1 {
[%cal Yd1b3,Yd1a4]} (24. Nxd5 {was quite possible, e.g.} Ng5 25. Ne7+ Kh7 26.
Bc6 $1 Rxd4 27. Bxe8 Rd8 28. Ba4 $18 {_|_}) 24... Bf5 $2 {This loses at once.}
(24... Qe6) 25. Ba4 Qe6 26. Bd7 Qd6 (26... Qg6 27. Nxd5 $1 $18) 27. Rc6 Rxd7
28. Rxd6 Rxd6 29. f3 Nf6 30. e4 Bg6 31. e5 Rc6 32. Rf1 (32. Rb2 {is more
accurate but after the text move White easily brings home his advantage, too.})
32... Rb8 33. exf6 Rbxb6 34. h3 $6 {Time pressure?} (34. fxg7) 34... Rxf6 35.
Qxd5 a4 36. Rf2 Kh7 37. Rd2 Rfe6 38. Qa5 Ra6 39. Qc3 Ra8 40. a3 h5 41. Kh2 Ree8
42. f4 Rec8 43. Qf3 f6 44. f5 Be8 45. Qb7 Rcb8 46. Qe7 Rb1 47. Rc2 Bb5 48. Rc7
1-0

[Event "EU-chT (Men) 20th"]
[Site "Reykjavik"]
[Date "2015.11.17"]
[Round "5.4"]
[White "Korobov, Anton"]
[Black "Berkes, Ferenc"]
[Result "1/2-1/2"]
[WhiteElo "2709"]
[BlackElo "2648"]
[Annotator "Krasenkow,M"]
[PlyCount "222"]
[EventDate "2015.11.13"]
[EventType "team-swiss"]
[EventRounds "9"]
[EventCountry "ISL"]
[SourceTitle "CBM 170"]
[Source "ChessBase"]
[SourceDate "2016.01.15"]
[SourceVersion "1"]
[SourceVersionDate "2016.01.15"]
[SourceQuality "1"]
[WhiteTeam "Ukraine"]
[BlackTeam "Hungary"]
[WhiteTeamCountry "UKR"]
[BlackTeamCountry "HUN"]

1. d4 d5 2. c4 e6 3. Nc3 Nf6 4. Bg5 Be7 5. e3 O-O 6. Nf3 h6 7. Bh4 b6 8. Be2
dxc4 9. Bxc4 Bb7 10. O-O Nbd7 11. Rc1 c5 12. dxc5 (12. Qe2 {is more common in
this well-known theoretical position.}) 12... Nxc5 13. Qe2 a6 14. Rfd1 Qe8 {
This line became famous after the 36th game of the World Championship match
Kasparov-Karpov (1984/85).} 15. Ne5 {An introduction to a double-edged piece
sacrifice. Other options:} (15. Bg3 b5 16. Bb3 Nxb3 17. axb3 Rd8 $15 {1/2 (35)
Neverov,V (2480)-Aseev,K (2455) Lvov 1985}) (15. Nd4 Nfe4 (15... b5 $5) 16.
Nxe4 Nxe4 17. Bxe7 Qxe7 18. f3 Nf6 19. Bd3 Rfd8 20. Nc6 Bxc6 21. Rxc6 Qb7 22.
Rdc1 Rd7 23. Qc2 Rad8 24. Bf1 Nd5 $11 {1/2 (36) Lutz,C (2500)-Renet,O (2470)
Dortmund 1991}) (15. a3 $5 Nfe4 (15... b5 $5 16. Ba2 Nfe4) 16. Nxe4 Nxe4 17.
Bxe7 Qxe7 18. Ne5 Rfd8 19. f3 Rxd1+ 20. Rxd1 Nf6 21. Qd2 b5 22. Bf1 Rc8 23. Qd4
Qc7 24. e4 $14 {1-0 (42) Schneider,P (2368)-De Silva,D (2442) IECG 2007}) 15...
b5 $1 16. Nxb5 $1 Qb8 $1 $146 {This "novelty" was easily found by your author
without any engine during the above-mentioned game, on which I commented live
in the Central Chess Club in Moscow (alas, Internet didn't exist in those
times :-) ). The fact that the World Champion, a person next to God, had
missed it, amazed me a lot. Then, of course, 16...Qb8 was mentioned in all
annotations to the game.} (16... axb5 $2 17. Bxb5 Ba6 (17... Qb8 18. Rxc5 Bxc5
19. Bxf6 gxf6 20. Nd7 $16 {1-0 (29) Szilagyi,P (2405)-Boensch,U (2530)
Budapest 1987}) 18. Rxc5 Bxc5 19. Bxa6 Qa4 20. Bxf6 gxf6 21. Bb5 Qxa2 22. Nd7
Be7 23. Qg4+ Kh8 24. Nxf8 Bxf8 25. Qf3 Be7 {1/2 (41) Kasparov,G (2715)-Karpov,
A (2705) Moscow 1984} {, and now White also missed a simple continuation:} 26.
Rd7 $1 $18) 17. Bg3 axb5 18. Ng6 (18. Nxf7 Qa7 {loses futher material without
compensation.}) 18... fxg6 19. Bxb8 bxc4 {So, Black has gained three minor
pieces for the queen. In practice it is almost a material advantage,
especially if the pieces get co-ordinated.} 20. Bg3 Rxa2 (20... Bd5 $5) 21. Ra1
(21. Qxc4 Rxb2 22. Qd4 Rb5 23. Bd6 Bxd6 24. Qxd6 $13 {is more comfortable for
White than the game continuation; in that case a draw is highly probable.})
21... Rfa8 22. Rxa2 Rxa2 23. Qxc4 Rxb2 24. Qd4 Rc2 25. Bd6 Bxd6 26. Qxd6 Kh7
$15 {Here White must fight for the draw.} 27. f3 Nd5 28. e4 Ne3 29. Rd2 Rc1+
30. Kf2 Ng4+ {Black's knights are dangerous jumpers.} 31. Kg3 Nf6 32. Qd4 $2 (
32. Qe7 $1 Rc3 33. Kf2) 32... e5 $1 {[%mdl 64]} 33. Qb2 $2 (33. Qxe5 Nfxe4+ 34.
fxe4 Nxe4+ $19) (33. Qb4 $1 {was the only defence but even then after} Nfxe4+
34. fxe4 Nxe4+ 35. Kh4 $1 ({or} 35. Kh3 Bc8+ 36. g4 Nxd2 37. Qxd2 Rg1 $19) (35.
Kf3 Nxd2+ 36. Ke2 Bxg2 37. Kxd2 Rf1) 35... Nxd2 (35... g5+ 36. Kh3 Bc8+ 37. g4
Nxd2 38. Qxd2 Rg1 $4 39. Qc2+) 36. Qxb7 e4 {Black keeps winning chances.})
33... Rc3 $2 (33... Ncxe4+ $1 34. fxe4 Nxe4+ {was a decisive blow:} 35. Kh3 (
35. Kh4 Bc8 $1 $19 {[%cal Rg6g5]}) (35. Kg4 Rc3 {[%cal Rb7c8]}) (35. Kf3 Rb1 $1
$19 {- Black probably overlooked this trick}) 35... Rc3+ 36. g3 $140 Ng5+ 37.
Kh4 Bc8 $19) 34. Kf2 {White has avoided the worst.} Rb3 35. Qc2 Rc3 36. Qb2 Rb3
37. Qc2 Ncxe4+ {Too late!} 38. fxe4 Nxe4+ 39. Ke1 Nxd2 40. Kxd2 Bd5 41. Qc5
Bxg2 42. Qxe5 {, and Black's pieces failed to defeat White's queen:} Rf3 43.
Qe2 Ra3 44. Ke1 Bd5 45. Qe5 Ba8 46. Ke2 Rh3 47. Ke1 Rf3 48. h4 Rf5 49. Qg3 Bf3
50. Qd6 Bh5 51. Qe7 Rf4 52. Qd8 Rf6 53. Qd4 Rf3 54. Qe4 Rf8 55. Qd4 Rf5 56. Qe4
Bf3 57. Qd4 Bc6 58. Ke2 g5 59. hxg5 Rxg5 60. Qd3+ Rg6 61. Qf5 Be8 62. Qe4 Bf7
63. Qf5 Be6 64. Qe4 h5 65. Kf2 Bg4 66. Qe7 Re6 67. Qd8 Kg6 68. Qd3+ Bf5 69.
Qg3+ Kh7 70. Qg5 Bg6 71. Kg3 Ra6 72. Kh2 Ra2+ 73. Kh3 Ra3+ 74. Kh2 Ra1 75. Qf4
Re1 76. Qg5 Re4 77. Kh3 Rg4 78. Qe5 Rg1 79. Kh2 Rf1 80. Qg5 Rf5 81. Qd8 Bf7 82.
Qd3 Bg6 83. Qd8 Re5 84. Kh3 Bf5+ 85. Kh4 Bg4 86. Qc7 Rd5 87. Qf7 Rf5 88. Qc7
Kh6 89. Qb6+ g6 90. Qd6 Bf3 91. Kg3 Bd5 92. Qd8 Kh7 93. Qd7+ Bf7 94. Kg2 Rf4
95. Qc7 g5 96. Qe7 Kg6 97. Qd6+ Rf6 98. Qd3+ Kh6 99. Qd8 Rf4 100. Qd6+ Bg6 101.
Kg1 h4 102. Qd8 Kh5 103. Qh8+ Kg4 104. Qd8 Kh3 105. Qd5 Rg4+ 106. Kf2 Rf4+ 107.
Kg1 Kg4 108. Qd1+ Kf5 109. Qd7+ Kf6 110. Qd8+ Kf5 111. Qd7+ Kf6 1/2-1/2

[Event "Alekhine Memorial"]
[Site "Paris/St Petersburg"]
[Date "2013.04.28"]
[Round "6"]
[White "Aronian, Levon"]
[Black "Adams, Michael"]
[Result "1/2-1/2"]
[WhiteElo "2809"]
[BlackElo "2727"]
[Annotator "Krasenkow,M"]
[PlyCount "124"]
[EventDate "2013.04.21"]
[EventType "tourn"]
[EventRounds "9"]
[EventCountry "FRA"]
[EventCategory "20"]
[SourceTitle "CBM 154"]
[Source "ChessBase"]
[SourceDate "2013.05.15"]
[SourceVersion "1"]
[SourceVersionDate "2013.05.15"]
[SourceQuality "1"]

1. d4 Nf6 2. c4 e6 3. Nf3 d5 4. Nc3 Be7 5. Bg5 h6 6. Bh4 O-O 7. e3 b6 8. Be2
Bb7 9. Bxf6 Bxf6 10. cxd5 exd5 11. b4 c6 12. O-O a5 13. b5 c5 14. Ne5 {This
line, examined in several CBM issues (CBM 88, 90, 115), has developed into an
important branch of the Tartakower-Makogonov-Bondarevsky system.} Qc7 {Other
options:} (14... cxd4) (14... Bxe5) 15. Ng4 Nd7 (15... Be7 $143 16. Bf3 Rd8 17.
Rc1 (17. dxc5 $5 Qxc5 18. Rc1 Qd6 19. Qd4 $1 $14 {R.Dautov}) 17... Ra7 (17...
c4 18. Ne5 Bb4 19. Nxd5 $5 Bxd5 20. Bxd5 Rxd5 21. Rxc4 Qd8 22. Qf3 Rxe5 (22...
Ra7 23. Rfc1 Ba3 {(R.Dautov)} 24. R1c3 Rxb5 25. g3 $1 Bf8 26. Rc8 Qd6 27. Re8
Rc7 28. Rxc7 Qxc7 29. Qa8 $18) 23. Qxa8 $16 {1-0 (32) Onischuk,A (2655)
-Rychagov,A (2544) Moscow 2002 CBM 088 [Dautov]}) 18. Ne5 Qd6 19. Bg4 Ba8 20.
Na4 Rc7 21. Qc2 Bb7 22. f4 c4 23. Nc3 $14 {1-0 (24) Zvjaginsev,V (2645)
-Kasimdzhanov,R (2674) Essen 2002 CBM 090 [Dautov]}) 16. Bf3 (16. Rc1 Rad8 17.
Nxf6+ Nxf6 18. dxc5 bxc5 19. Na4 c4 20. Qd4 Ne4 21. Rfd1 Qe7 22. Nc3 Nxc3 23.
Qxc3 Qb4 24. a4 Qxc3 25. Rxc3 f5 {1/2 (39) Kovacevic,A (2585)-Kovacs,A (2332)
Lechenicher SchachServer 2008}) 16... Rad8 (16... cxd4 17. Nxf6+ Nxf6 18. Qxd4
{gives White a small but clear edge, e.g.} Rfe8 (18... Qc5 19. Na4 $1 Qxb5 20.
Rab1 Qe8 21. Nxb6 Rd8 22. Rfc1 $16 {1-0 (48) Ernst,S (2512)-Lputian,S (2634)
Fuegen 2006 CBM 115 [Krasenkow,M]}) 19. Rfd1 Rad8 20. Rac1 Qd6 21. g3 Re6 22.
Ne2 $14 g5 $6 23. g4 h5 $6 24. gxh5 g4 25. Bg2 Rde8 26. Qf4 Nxh5 27. Qxd6 Rxd6
28. Rc7 Ba8 29. Rd4 Nf6 30. Rf4 {1-0 (30) Hawkins,J (2511)-Rudd,J (2335)
Basingstoke 2012}) 17. Rc1 $146 {A harmless move.} ({The simple capture on d5
needs further investigation:} 17. Nxd5 Bxd5 18. Bxd5 cxd4 (18... h5 $5 19.
Nxf6+ Nxf6 20. Bc6 cxd4 21. exd4 Qf4) 19. Rc1 $1 (19. exd4 Qf4 20. Rc1 Qxd4 21.
Qf3 $5) (19. e4 Bg5 20. h4 $5 Bxh4 21. Rc1 Nc5 22. g3 Bg5 23. f4 Be7 24. Qxd4
Qd7 $13 {0-1 (40) Rahman,Z (2510)-Johannessen,L (2427) Dhaka 2002}) 19... Qd6
20. e4 Nc5 21. Rc4 d3 22. f4 $14) (17. Qd3 h5 18. Nxf6+ Nxf6 19. h3 c4 20. Qf5
Qd6 21. Rad1 g6 22. Qc2 Rfe8 $11 {0-1 (55) Rodriguez Rey,J (2281)-Sanz Velez,A
(2171) ICCF WS 2005}) 17... Bg5 $1 18. Bxd5 Bxd5 19. Nxd5 Qd6 20. Nc3 cxd4 21.
f4 $6 (21. Ne4 Qe7 22. Nxg5 dxe3 $1 23. Nxe3 Qxg5 24. Qe2 Nc5 25. Rfd1 $11 {
was probably more appropriate.}) 21... Bf6 22. Ne2 (22. Ne4 Qe6 23. Ngxf6+ Nxf6
24. Nxf6+ Qxf6 25. e4 d3 $36) 22... Qe6 23. Nxd4 Bxd4 24. exd4 Qxa2 $15 {
Black has obtained a very solid position, with a potentially strong passed
a-pawn versus White's weak isolated pawn on d4.} 25. Rc6 Qd5 26. Nxh6+ $6 {
[%mdl 512]} (26. Qd3 Rfe8 27. Ne3 Qe4 28. Qxe4 Rxe4 29. Nc4 Rxd4 30. Nxb6 Nxb6
31. Rxb6 {was probably still enough to reach a draw. Instead, White starts a
dubious attack with a piece sacrifice.}) 26... gxh6 27. Rxh6 Kg7 28. Rh5 f5 {
[%cal Rd7f6]} 29. Rg5+ Kf7 30. Qh5+ Ke6 (30... Ke7 $1 31. Qe2+ (31. Rg7+ Kd6)
31... Qe6 $17 {[%cal Yd7f6]}) 31. Rc1 (31. Qe2+ $142 {but then Black's king
can return to f6 or f7} Kf6 (31... Kd6 32. Rc1 $1 Qe4 (32... Nb8 33. Rg6+ Kd7
34. Qe5 $44) 33. Rc6+ Ke7 34. Rg7+ Rf7 35. Rxf7+ Kxf7 36. Qh5+ {with a
perpetual}) 32. Qh5 {and play} Ke7) 31... Nf6 32. Rg6 (32. Qe2+ Ne4) 32...
Qxd4+ 33. Kh1 Qd2 34. Rg1 Rh8 {White's attack is parried.} 35. Qg5 Qc3 36. Rf1
Rdg8 37. g4 {The last desperate attempt, which suddenly proves successful.}
fxg4 $4 $138 {White now marvellously escapes. Almost any other sensible move
was winning} ({like} 37... Qb2) ({or} 37... Rxg6 38. gxf5+ Kf7 39. Qxg6+ Kf8)
38. Rxf6+ $1 {[%mdl 64]} Qxf6 39. Re1+ Kf7 40. Qd5+ Kf8 41. Re5 $1 {[%cal
Re5f5] It looks unbelievable but Black can't keep his material advantage, and
the game ends in a draw.} Rxh2+ (41... g3 42. Rf5 Rxh2+ 43. Kg1 Rh6 44. Rxf6+
Rxf6 45. Qd8+ Kg7 46. Qe7+ Kg6 47. Qe4+ Kh6 48. Qh1+ Kg7 49. Qb7+ {with a
perpetual or capture of the b6-pawn}) 42. Kxh2 Qxf4+ 43. Kg1 $1 Qg3+ 44. Kf1
Qf3+ 45. Qxf3+ gxf3 {[%mdl 4096]} 46. Re6 {The simplest. Black has no chances
without his key b6-pawn.} Rg2 47. Rxb6 Ke7 48. Rc6 Rb2 49. Rc3 Rxb5 50. Rxf3
Re5 51. Ra3 Kd6 52. Kf2 Kc6 53. Re3 Rd5 54. Ke2 a4 55. Ra3 (55. Rd3 $144) 55...
Kb5 56. Rd3 Rc5 57. Kd2 Kb4 58. Rd8 a3 59. Rb8+ Rb5 60. Rxb5+ Kxb5 61. Kc1 a2
62. Kb2 a1=N 1/2-1/2